000 00376nam a2200157Ia 4500
008 151213s9999 xx 000 0 und d
100 _aD. N. Gujrati
245 _aBasic Economics
_cD. N. Gujrati
250 _a4th
260 _aNew Delhi
_bMc Grow Hill
_c2003
300 _a4274 p.
650 _aEconomics
650 _aEconomics
700 _aD. N. Gujrati
999 _c2697
_d2697